00321nam a2200121Ia 4500008004100000020001800041041000800059082002800067100003400095245003700129260002400166300000900190230411s9999 xx 000 0 und d a0-7234-2024-6 aeng aP/618.92/WAR/JAC/B03773 aWarner John & Jackson William aColor Atlas of Pediatric Allergy bMosbyaLondonc1994 a128p